000 00863nam a22002177a 4500
999 _c21401
_d21401
003 AR-CdUCM
008 190513b ||||| |||| 00| 0 spa d
020 _a9786071632159
040 _aMUNICIPALIDAD PROVINCIAL DEL CUSCO
_cBIBLIOTECA MUNICIPAL DEL CUSCO
082 _a535/M32
_bM32
_2Tercera
100 _aMalacara, Daniel
_944635
245 _aÓptica básica /
260 _aMéxico ;
_bFondo de Cultura Económica,
_c2015.
300 _a600 Páginas. :
_c27x19 cm.
505 _aContenido: Fundamentos de la óptica geométrica -- Lentes delgadas y espejos esféricos -- Lentes gruesas, espejos planos y prismas cromático dispersores -- Teoría de las aberraciones -- Instrumentos ópticos ...
650 _aÓptica
_944399
650 _aFísica
_92382
710 _aEdiciones Científicas Universitarias
_944636
942 _2ddc
_cLIBROS
945 _aRoel